| 000 | 01340cam a22003617a 4500 | ||
|---|---|---|---|
| 003 | CHAP | ||
| 005 | 20220329142555.0 | ||
| 008 | 011214d2001 mx ab r 00110 spa d | ||
| 010 | _a85136 | ||
| 011 | _a86108 | ||
| 035 | _a96646 | ||
| 040 | _cCHAP | ||
| 090 | _aTesis | ||
| 100 | 0 | 0 |
_aSolórzano Kraemer, Mónica Morayma. _9108495 |
| 245 | 1 | 0 |
_aIdentificación de los principales órdenes de artrópodos en ámbar de Simojovel, Chiapas _c/por Mónica Morayma Solórzano Kraemer |
| 260 |
_aChapingo, Méx. : _bEl autor, _c2001. |
||
| 300 |
_a82 h. : _bilus. ; mapas |
||
| 502 | _aTesis (Ing. Agr. Esp. en Parasitología Agrícola) -- UACH. Departamento de Parasitología Agrícola | ||
| 590 |
_aALEPH _b10 _c20130110 _lUCH01 _h1444 |
||
| 590 |
_aBATCH-UPD _b10 _c20130110 _lUCH01 _h0812 |
||
| 590 |
_aBATCH-UPD _b10 _c20130410 _lUCH01 _h0449 |
||
| 590 |
_aBATCH-UPD _b10 _c20130914 _lUCH01 _h0415 |
||
| 590 |
_aCONVERSION _b10 _c20130109 _lUCH01 _h1347 |
||
| 650 | 1 | 4 |
_aArtrópodos. _97782 |
| 650 | 1 | 4 |
_aInsectos en arqueología. _958958 |
| 650 | 1 | 4 |
_aInsectos fósiles. _958960 |
| 650 | 1 | 4 |
_aResina de pino. _996121 |
| 901 | _aBK | ||
| 905 | _aMarco A. Mendoza T. | ||
| 942 | _cFOLL | ||
| 949 |
_aTesis _bBC _cTES _d33724000858205 _eTS2 _fc.2 _gDonaciØn _h38853 _i96646 _si |
||
| 949 |
_aTesis _bBC _cTES _d966461 _eTS1 _gDonaciØn _h38852 _i96646 _sb |
||
| 999 |
_c85136 _d85136 |
||